<?xml version="1.0" encoding="UTF-8"?>
<record
    xmlns:xsi="http://www.w3.org/2001/XMLSchema-instance"
    xsi:schemaLocation="http://www.loc.gov/MARC21/slim http://www.loc.gov/standards/marcxml/schema/MARC21slim.xsd"
    xmlns="http://www.loc.gov/MARC21/slim">

  <leader>01197nam a2200277 a 4500</leader>
  <controlfield tag="003">OSt</controlfield>
  <controlfield tag="005">20230523084107.0</controlfield>
  <controlfield tag="007">cr ||||||a|c|a</controlfield>
  <controlfield tag="008">230516s2019    mx a|||fom||| 001 0 spa d</controlfield>
  <datafield tag="040" ind1=" " ind2=" ">
    <subfield code="e">rda</subfield>
  </datafield>
  <datafield tag="100" ind1="1" ind2=" ">
    <subfield code="9">187050</subfield>
    <subfield code="a">Col&#xED;n Dimas, Daissy</subfield>
  </datafield>
  <datafield tag="245" ind1="1" ind2="3">
    <subfield code="a">El trueque:</subfield>
    <subfield code="b">pr&#xE1;ctica para la sabrevivencia en Dotejiare, comunidad Mazahua del Estado de M&#xE9;xico /</subfield>
    <subfield code="c">Daissy Col&#xED;n Dimas; director de tesis Veneranda X&#xF3;chitl Ju&#xE1;rez Varela </subfield>
  </datafield>
  <datafield tag="264" ind1=" " ind2="1">
    <subfield code="a">Chapingo, M&#xE9;xico :</subfield>
    <subfield code="b">El autor,</subfield>
    <subfield code="c">2019.</subfield>
  </datafield>
  <datafield tag="300" ind1=" " ind2=" ">
    <subfield code="a">1 recurso en l&#xED;nea (109 p&#xE1;ginas):</subfield>
    <subfield code="b">figuras.</subfield>
  </datafield>
  <datafield tag="336" ind1=" " ind2=" ">
    <subfield code="2">rdacontent</subfield>
    <subfield code="a">texto</subfield>
    <subfield code="b">txt</subfield>
  </datafield>
  <datafield tag="337" ind1=" " ind2=" ">
    <subfield code="2">rdamedia</subfield>
    <subfield code="a">computadora</subfield>
    <subfield code="b">c</subfield>
  </datafield>
  <datafield tag="338" ind1=" " ind2=" ">
    <subfield code="2">rdacarrier</subfield>
    <subfield code="a">recurso en l&#xED;nea</subfield>
    <subfield code="b">cr</subfield>
  </datafield>
  <datafield tag="502" ind1=" " ind2=" ">
    <subfield code="b">MCDRR</subfield>
    <subfield code="c">Centros Regionales</subfield>
    <subfield code="d">2019.</subfield>
    <subfield code="g">MAE</subfield>
  </datafield>
  <datafield tag="504" ind1=" " ind2=" ">
    <subfield code="a">Incluye referencias bibliogr&#xE1;ficas: p&#xE1;ginas 89-93.</subfield>
  </datafield>
  <datafield tag="650" ind1=" " ind2="4">
    <subfield code="9">73308</subfield>
    <subfield code="a">Mazahuas</subfield>
    <subfield code="x">Condiciones econ&#xF3;micas</subfield>
  </datafield>
  <datafield tag="650" ind1=" " ind2="4">
    <subfield code="9">133352</subfield>
    <subfield code="a">Mazahuas</subfield>
    <subfield code="x">Seguridad alimentaria</subfield>
  </datafield>
  <datafield tag="650" ind1=" " ind2="4">
    <subfield code="9">79360</subfield>
    <subfield code="a">Mujer en comunidades rurales</subfield>
  </datafield>
  <datafield tag="700" ind1="1" ind2=" ">
    <subfield code="9">62497</subfield>
    <subfield code="a">Ju&#xE1;rez Varela, Veneranda X&#xF3;chitl</subfield>
    <subfield code="e">Director de tesis.</subfield>
  </datafield>
  <datafield tag="856" ind1=" " ind2=" ">
    <subfield code="u">http://10.13.5.2/tesis/tm/Colin_Dimas_Daissy.pdf</subfield>
    <subfield code="z">DESCARGAR PDF</subfield>
  </datafield>
  <datafield tag="942" ind1=" " ind2=" ">
    <subfield code="2">Clasificaci&#xF3;n Universidad Aut&#xF3;noma Chapingo</subfield>
    <subfield code="c">TD</subfield>
  </datafield>
  <datafield tag="999" ind1=" " ind2=" ">
    <subfield code="c">218761</subfield>
    <subfield code="d">218761</subfield>
  </datafield>
  <datafield tag="952" ind1=" " ind2=" ">
    <subfield code="0">0</subfield>
    <subfield code="1">0</subfield>
    <subfield code="2">local</subfield>
    <subfield code="4">0</subfield>
    <subfield code="7">0</subfield>
    <subfield code="a">BD</subfield>
    <subfield code="b">BC</subfield>
    <subfield code="c">E_L</subfield>
    <subfield code="d">2023-05-16</subfield>
    <subfield code="l">0</subfield>
    <subfield code="o">Tesis digital</subfield>
    <subfield code="r">2023-05-16 00:00:00</subfield>
    <subfield code="w">2023-05-16</subfield>
    <subfield code="y">TD</subfield>
  </datafield>
</record>
